Το Σύνταγμα και η κρίση : από το δίκαιο της ανάγκης στην αναγκαιότητα του δικαίου

Αποθηκεύτηκε σε:
Λεπτομέρειες βιβλιογραφικής εγγραφής
Κύριος συγγραφέας: Καραβοκύρης, Γεώργιος Ν.
Συγγραφή απο Οργανισμό/Αρχή: Κέντρο Ευρωπαϊκού Συνταγματικού Δικαίου Ίδρυμα Θεμιστοκλή και Δημήτρη Τσάτσου
Μορφή: Βιβλίο
Γλώσσα:Greek
Δημοσίευση: Αθήνα : Κριτική, 2014.
Σειρά:Επιστημονική βιβλιοθήκη (Κριτική)
Θέματα:
Ετικέτες: Προσθήκη ετικέτας
Δεν υπάρχουν, Καταχωρήστε ετικέτα πρώτοι!

MARC

LEADER 00000cam a2200000 a 4500
001 1/113970
008 170517s2014####gr | ||| |||| ||gre||
020 |a 9789602189924 
040 |a GR-MyUa  |b gre  |c GR-MyUa  |e AACR2 
041 0 |a gre 
082 7 |a 342.495   |2 (23) 
100 1 |a Καραβοκύρης, Γεώργιος Ν. 
245 1 3 |a Το Σύνταγμα και η κρίση :   |b από το δίκαιο της ανάγκης στην αναγκαιότητα του δικαίου /   |c Γεώργιος Ν. Καραβοκύρης ; Κέντρο Ευρωπαϊκού και Συνταγματικού Δικαίου, Ίδρυμα Θεμιστοκλή και Δημήτρη Τσάτσου.  
260 |a Αθήνα :   |b Κριτική,   |c 2014.  
300 |a 225 σ. ;   |c 24 εκ.  
490 1 |a (Επιστημονική βιβλιοθήκη / Κριτική)  
500 |a Από τη σειρά βιβλίων Πολιτεία, Σύνταγμα, Ευρώπη, του Κέντρου Ευρωπαϊκού Συνταγματικού Δικαίου του Ιδρύματος Θεμιστοκλή και Δημήτρη Τσάτσου.  
504 |a Βιβλιογραφία: σ. [203]-225.  
650 0 |a Constitutional law  |z Greece. 
650 0 |a Constitutional amendments  |z Greece. 
650 0 |a Global Financial Crisis, 2008-2009  |x Social aspects. 
710 2 |a Κέντρο Ευρωπαϊκού Συνταγματικού Δικαίου  |b Ίδρυμα Θεμιστοκλή και Δημήτρη Τσάτσου. 
830 0 |a Επιστημονική βιβλιοθήκη (Κριτική) 
852 |a INST  |b RHODES  |e 20170517  |h 342.495 ΚΑΡ  |p 005400039286  |q 005400039286  |t BK  |y 0 
970 |z 17-05-2017